Středověký „Schalenstein“ z Albrechtic

Podrobná bibliografia
Hlavní autori: Čechura, Martin (Author), Frýda, František (Author)
Médium: Článok
Jazyk:Czech
Témy:
ISBN: 9788072750795
Zdroj: 1. Archaeologia historica. 34/2009, zborník príspevkov 1. Brno : Muzejní a vlastivědná společnost v Brně, 2009 1. S. 587-590 1. 9788072750795
LEADER 01078nab#a2200409#ar4500
001 000112821
003 SVKKK
005 20140505092537.0
008 140505c2009 xo |||||||||||||||b|cze
FMT
015 |a SNBRB2014/05 
038 |a SVKKK 
040 |a SVKKK  |b slo  |e AACR2 
041 0 |a cze  |b ger 
044 |a xo  |c SK 
080 |a 902  |2 2008 
090 |a IV.216042 
100 1 |a Čechura, Martin  |4 aut 
245 1 0 |a Středověký „Schalenstein“ z Albrechtic  |c Martin Čechura, František Frýda 
300 |b Obr. 
504 |a Bibliogr. odkazy 
546 |a Res. nem. 
650 0 4 |a archeológia 
650 0 4 |a lucerny mŕtvych 
650 0 4 |a kult mŕtvych 
650 0 4 |a kamenné artefakty 
651 4 |a Albrechtice (Česko) 
700 1 |a Frýda, František  |4 aut 
773 0 |t Archaeologia historica. 34/2009, zborník príspevkov  |d Brno : Muzejní a vlastivědná společnost v Brně, 2009  |g S. 587-590  |z 9788072750795 
958 |a CZ 
958 |a NB 
974 |a Va 
992 |a RZB 
BAS
852 |a SVKKK  |b BIB 
EXP
998 |a SLO